|
|
|
|
| LEADER |
00000nab a2200000 a 4500 |
| 001 |
vtls000285040 |
| 003 |
SK-MaSNL |
| 005 |
20260303214319.0 |
| 008 |
111201c1987 xo 0 slo |
| 015 |
|
|
|a SNBRB19rr/mm-uuuuu
|
| 035 |
|
|
|a CL0295158
|
| 040 |
|
|
|a SNKBUCL
|b slo
|c SNKBUCL
|e AACR2
|
| 041 |
0 |
|
|a slo
|
| 044 |
|
|
|a xo
|c SK
|
| 080 |
|
|
|a 894.545-3(087.5)
|2 1981
|
| 100 |
1 |
|
|a Raud, Eno
|4 aut
|9 336667
|
| 245 |
1 |
0 |
|a Rukávnik, sandálik a machnáčik
|c Eno Raud ; Elena Stuppacherová, Tamara Kolenčíková
|
| 500 |
|
|
|a V rubrike Písmenkové prechádzky.
|
| 650 |
0 |
7 |
|a rozprávky autorské
|2 snkbucl
|9 315429
|
| 655 |
|
7 |
|a články z novín a časopisov
|2 snkbucl
|9 267496
|
| 655 |
|
7 |
|a články z odboru literárna veda a krásna literatúra
|2 snkbucl
|9 770045
|
| 700 |
1 |
|
|a Stuppacherová, Elena,
|d 1946-
|4 trl
|9 126037
|
| 700 |
1 |
|
|a Kolenčíková, Tamara,
|d 1955-
|4 gup
|9 242612
|
| 773 |
0 |
|
|t Ohník
|g Roč. 39, č. 22 (1986/1987), s. 12-13
|
| 850 |
|
|
|a Slovenská národná knižnica v Martine
|a MTA001
|
| 852 |
|
|
|a SNK
|b KIS3GCP
|
| 958 |
|
|
|a RK
|
| 958 |
|
|
|a LX
|
| 958 |
|
|
|a SU
|
| 992 |
|
|
|a RBX
|
| 999 |
|
|
|c 2216413
|d 2218343
|